Γενική διδακτική
Αποθηκεύτηκε σε:
| Κύριος συγγραφέας: | |
|---|---|
| Μορφή: | Βιβλίο |
| Γλώσσα: | Greek |
| Δημοσίευση: |
Αθήναι :
Καμπανάς,
[196-]
|
| Σειρά: | Παιδαγωγική βιβλιοθήκη (Εκδόσεις Ι. Καμπανάς)
; 256 |
| Θέματα: | |
| Ετικέτες: |
Προσθήκη ετικέτας
Δεν υπάρχουν, Καταχωρήστε ετικέτα πρώτοι!
|
MARC
| LEADER | 00000cam a2200000 i 4500 | ||
|---|---|---|---|
| 001 | 1/79097 | ||
| 008 | 960530q19601966 gre d | ||
| 035 | |a 1995 |b 1 |c Δωρεά |l 10033092 | ||
| 040 | |a GR-MY-UA |b gre |e aacr | ||
| 041 | 0 | |a gre | |
| 082 | 0 | |a 371.1 | |
| 100 | 1 | |a Πετρουλάκης, Νικόλαος Β., |d 1921-2019. | |
| 245 | 1 | 0 | |a Γενική διδακτική / |c Νικολάου Β. Πετρουλάκη |
| 260 | |a Αθήναι : |b Καμπανάς, |c [196-] | ||
| 300 | |a 359 σ. | ||
| 490 | 1 | |a Παιδαγωγική βιβλιοθήκη εκδοτικού οίκου Ιω. Καμπανά |v ; 256 | |
| 500 | |a Το αντίτυπο με αριθμό εισαγωγής 152771 δεν διαθέτει σειρά | ||
| 650 | 0 | 0 | |a Teaching. |
| 830 | 0 | |a Παιδαγωγική βιβλιοθήκη (Εκδόσεις Ι. Καμπανάς) |v ; 256 | |
| 852 | |a INST |b RHODES |e 19960530 |h 371.1 ΠΕΤ |p 005400007250 |q 005400007250 |t BK |y 0 | ||
| 852 | |a INST |b RHODES |c AKA |e 20080827 |h 371.1 ΠΕΤ |p 005400027437 |q 005400027437 |t BK |y 0 | ||
| 901 | |a BIBL4-2008-2 | ||
| 909 | |a Ρ |b 028459 |c 1995 | ||
| 909 | |a Ρ |b 152771 | ||